| 000 | 01118nam a2200265Ia 4500 | ||
|---|---|---|---|
| 008 | 130821s ck a gr dspa | ||
| 020 | _a958332794 | ||
| 040 |
_aCo-BoUCM _bspa |
||
| 041 | 0 | _aspa | |
| 092 | _aE63N034 | ||
| 100 | 1 | _aViana Castro, Hugo | |
| 245 | 1 | 0 |
_aMutis en Mariquita _b1789-1791 _cHugo Viana Castro |
| 260 |
_aIbagué (Tolima, Colombia) _bPapeles sueltos editores _c[fecha desconocida] |
||
| 300 |
_a270 páginas _bilustraciones |
||
| 505 | _aIntroducción: Dos homenajes. ; Mutis en Mariquita (1783-1791). ; Diario de observaciones. ; Correspondencia despachada y recibida. ; Sección de documentos. ; Bibliografía. | ||
| 506 | _aConsulta en sala. | ||
| 600 | 1 | 4 |
_aMutis y Bosio, José Celestino _d1732-1808 _vBiografías |
| 600 | 1 | 4 |
_aMutis y Bosio, José Celestino _d1732-1808 _vCartas |
| 600 | 1 | 4 |
_aMutis y Bosio, José Celestino _d1732-1808 _xCrítica e interpretación, etc. |
| 650 | 0 | 4 |
_aBiografías _97343 |
| 650 | 0 | 4 |
_aExpedición botánica _915427 |
| 700 | 1 |
_aViana Castaño, Alejandro _eil. |
|
| 942 |
_cLIBRO _a19 _e1 _2DEWEY _h925.8 |
||
| 999 |
_c40806 _d40806 |
||